[Event "Titled Tuesday intern op 06th Aug Late"]
[Site "Chess.com INT"]
[Date "2024.08.06"]
[Round "11"]
[White "Caku, Kler"]
[Black "Seletsky, Grigory"]
[Result "0-1"]
[WhiteElo "1859"]
[BlackElo "2223"]
[PlyCount "118"]
[EventDate "2024.08.06"]
[EventType "swiss (blitz)"]
[EventRounds "11"]
[EventCountry "USA"]
[SourceTitle "EXT 2025"]
[Source "ChessBase"]
[SourceDate "2024.10.14"]
[SourceVersion "1"]
[SourceVersionDate "2024.10.14"]
[SourceQuality "1"]

1. e4 Nf6 2. e5 Nd5 3. c4 Nb6 4. d4 d6 5. exd6 cxd6 6. Nf3 g6 7. Nc3 Bg7 8. Be2 0-0 9. Be3 Nc6 10. 0-0 Bg4 11. b3 d5 12. c5 Nc8 13. h3 Bxf3 14. Bxf3 e6 15. b4 N8e7 16. b5 Na5 17. Be2 Nf5 18. Qd2 b6 19. c6 Nd6 20. Nd1 Nac4 21. Qb4 a6 22. bxa6 Rxa6 23. Nb2 b5 24. a4 bxa4 25. Nxc4 Nxc4 26. Bxc4 dxc4 27. Qxc4 Qa8 28. Rfc1 Rc8 29. c7 h5 30. Rc2 Ra7 31. Bf4 a3 32. Bd6 Ra4 33. Qb3 Bxd4 34. Raa2 Ra6 35. Bg3 e5 36. Qb5 Ra5 37. Qd7 Bb2 38. Rc6 Ra7 39. Bh2 Qb7 40. Bg3 Rxc7 41. Qd8+ Kg7 42. Qf6+ Kg8 43. Rd6 Rd7 44. Rc6 Ra8 45. Kh1 Re8 46. Kh2 Rde7 47. Ra6 Re6 48. Rxe6 Rxe6 49. Qd8+ Kg7 50. Qd3 Qc6 51. Qb3 g5 52. h4 g4 53. Qe3 f6 54. Qb3 Kg6 55. f3 gxf3 56. gxf3 Rd6 57. Kh3 Qd7+ 58. Kg2 Qc8 59. Bf2 Rd2 0-1

[Event "Titled Tuesday intern op 06th Aug Late"]
[Site "Chess.com INT"]
[Date "2024.08.06"]
[Round "9"]
[White "Seletsky, Grigory"]
[Black "Tang, Zoey"]
[Result "1-0"]
[WhiteElo "2223"]
[BlackElo "2212"]
[PlyCount "69"]
[EventDate "2024.08.06"]
[EventType "swiss (blitz)"]
[EventRounds "11"]
[EventCountry "USA"]
[SourceTitle "EXT 2025"]
[Source "ChessBase"]
[SourceDate "2024.10.14"]
[SourceVersion "1"]
[SourceVersionDate "2024.10.14"]
[SourceQuality "1"]

1. e4 c5 2. Nf3 d6 3. c3 Nf6 4. Bd3 a6 5. Bc2 e5 6. h3 Nc6 7. 0-0 Be7 8. d4 cxd4 9. cxd4 0-0 10. Nc3 Re8 11. d5 Nb8 12. Be3 Nbd7 13. Nd2 b5 14. a4 b4 15. Na2 a5 16. Nb3 Ba6 17. Bd3 Qc7 18. f3 Bxd3 19. Qxd3 Nh5 20. Rfc1 Qb7 21. Rc6 Rec8 22. Rac1 Nf4 23. Qb5 Rcb8 24. Qxb7 Rxb7 25. Rc7 Ne2+ 26. Kf2 Nxc1 27. Rxb7 Nxb3 28. Rxd7 Bf8 29. Ke2 Rc8 30. Kd3 g6 31. g4 h5 32. Ra7 hxg4 33. hxg4 Kg7 34. Ra6 Be7 35. Rc6 1-0

[Event "Titled Tuesday intern op 16th Jul Late"]
[Site "Chess.com INT"]
[Date "2024.07.16"]
[Round "7"]
[White "Seletsky, Grigory"]
[Black "Herrera, Juan Sebastian"]
[Result "1-0"]
[WhiteElo "2223"]
[BlackElo "2217"]
[PlyCount "87"]
[EventDate "2024.07.16"]
[EventType "swiss (blitz)"]
[EventRounds "11"]
[EventCountry "USA"]
[SourceTitle "EXT 2025"]
[Source "ChessBase"]
[SourceDate "2024.10.14"]
[SourceVersion "1"]
[SourceVersionDate "2024.10.14"]
[SourceQuality "1"]

1. e3 g6 2. c4 Bg7 3. Nc3 d6 4. d4 e5 5. Nf3 Nc6 6. d5 Nce7 7. e4 f5 8. Bd3 Nf6 9. Ng5 h6 10. Ne6 Bxe6 11. dxe6 c6 12. exf5 gxf5 13. 0-0 Qc8 14. Qb3 b6 15. a4 Qxe6 16. a5 b5 17. Qb4 bxc4 18. Bxc4 d5 19. Ba6 0-0 20. Bb7 Rab8 21. a6 d4 22. Na4 Nfd5 23. Qc5 e4 24. Qxa7 f4 25. Nc5 Qg4 26. f3 exf3 27. Rxf3 Ne3 28. Bxe3 fxe3 29. Rg3 Qf5 30. Rf3 Qg4 31. Rg3 Qe2 32. Rxg7+ Kxg7 33. Ne6+ Kg6 34. h3 Rf2 35. Qxb8 Rxg2+ 36. Kh1 Nf5 37. Qg8+ Kf6 38. Qxg2 Qxg2+ 39. Kxg2 Kxe6 40. a7 d3 41. a8Q e2 42. Bc8+ Ke5 43. Bxf5 Kxf5 44. Qxc6 1-0

[Event "Titled Tuesday intern op 16th Jul Late"]
[Site "Chess.com INT"]
[Date "2024.07.16"]
[Round "11"]
[White "Yagupov, Igor"]
[Black "Seletsky, Grigory"]
[Result "0-1"]
[WhiteElo "2232"]
[BlackElo "2223"]
[PlyCount "64"]
[EventDate "2024.07.16"]
[EventType "swiss (blitz)"]
[EventRounds "11"]
[EventCountry "USA"]
[SourceTitle "EXT 2025"]
[Source "ChessBase"]
[SourceDate "2024.10.14"]
[SourceVersion "1"]
[SourceVersionDate "2024.10.14"]
[SourceQuality "1"]

1. e4 c6 2. d4 d5 3. e5 Bf5 4. h4 h6 5. Bd3 Bxd3 6. cxd3 e6 7. h5 Qb6 8. Nf3 c5 9. dxc5 Bxc5 10. d4 Bb4+ 11. Kf1 Nc6 12. a3 Bf8 13. Nc3 Nge7 14. Kg1 Nf5 15. Na4 Qb5 16. g4 Nfe7 17. Be3 Nc8 18. Rc1 Nb6 19. Nxb6 Qxb6 20. Qc2 0-0-0 21. b4 Kb8 22. Nd2 Be7 23. Nb3 Rc8 24. Nc5 Bxc5 25. dxc5 Qb5 26. Qb3 d4 27. Bf4 Rhd8 28. Rh3 Qe2 29. Qf3 d3 30. Qxe2 dxe2 31. f3 Rd1+ 32. Kf2 e1Q+ 0-1

[Event "Titled Tuesday intern op 09th Jul Late"]
[Site "Chess.com INT"]
[Date "2024.07.09"]
[Round "11"]
[White "Seletsky, Grigory"]
[Black "Bezerra, Flavio Rodrigo Cost"]
[Result "1/2-1/2"]
[WhiteElo "2223"]
[BlackElo "2096"]
[PlyCount "113"]
[EventDate "2024.07.09"]
[EventType "swiss (blitz)"]
[EventRounds "11"]
[EventCountry "USA"]
[SourceTitle "EXT 2025"]
[Source "ChessBase"]
[SourceDate "2024.10.14"]
[SourceVersion "1"]
[SourceVersionDate "2024.10.14"]
[SourceQuality "1"]

1. e4 c5 2. Nf3 g6 3. c4 Nc6 4. d4 cxd4 5. Nxd4 Nf6 6. Nc3 Nxd4 7. Qxd4 d6 8. Be2 Bg7 9. Be3 0-0 10. Qd2 Be6 11. 0-0 Qa5 12. Rac1 Rfc8 13. b3 a6 14. f3 b5 15. Nd5 Qxd2 16. Bxd2 Nxd5 17. cxd5 Bd7 18. Rxc8+ Rxc8 19. Rc1 Bd4+ 20. Kf1 Rxc1+ 21. Bxc1 Kf8 22. Bd3 Ke8 23. Ke2 Kd8 24. b4 Bc3 25. Bd2 Bxd2 26. Kxd2 f6 27. Ke3 g5 28. g3 h6 29. f4 Ke8 30. Kd4 Bg4 31. e5 Kd7 32. h4 gxh4 33. gxh4 f5 34. Bc2 Kc7 35. Kc3 Kb6 36. Bb3 a5 37. a3 a4 38. Bc2 h5 39. Kd2 Ka6 40. Bd3 Kb6 41. Ke3 Ka6 42. Kd4 Kb6 43. Ke3 Ka6 44. Be2 Bxe2 45. Kxe2 Kb6 46. Ke3 Kc7 47. Kd3 Kb6 48. Kd4 Kc7 49. Kc3 Kb6 50. Kd3 Kc7 51. Ke3 Kb6 52. e6 Kc7 53. Kd4 Kb6 54. Kd3 Kc7 55. Kd4 Kb6 56. Kd3 Kc7 57. Kd4 1/2-1/2

[Event "Titled Tuesday intern op 02nd Jul Late"]
[Site "Chess.com INT"]
[Date "2024.07.02"]
[Round "5"]
[White "Seletsky, Grigory"]
[Black "Rogov, Matfey"]
[Result "0-1"]
[WhiteElo "2223"]
[BlackElo "2188"]
[PlyCount "52"]
[EventDate "2024.07.02"]
[EventType "swiss (blitz)"]
[EventRounds "11"]
[EventCountry "USA"]
[SourceTitle "EXT 2025"]
[Source "ChessBase"]
[SourceDate "2024.10.14"]
[SourceVersion "1"]
[SourceVersionDate "2024.10.14"]
[SourceQuality "1"]

1. d4 d5 2. c4 Nc6 3. cxd5 Qxd5 4. Nf3 e5 5. Nc3 Bb4 6. e3 e4 7. Nd2 Bxc3 8. bxc3 Nf6 9. Ba3 Qg5 10. h3 Bf5 11. c4 0-0-0 12. Qb3 Rhe8 13. 0-0-0 Nxd4 14. exd4 e3 15. fxe3 Rxe3 16. Qb2 Ne4 17. h4 Qh6 18. Be7 Rc3+ 19. Kb1 Nxd2+ 20. Ka1 Rc2 21. Qa3 Qf4 22. Bc5 b6 23. Qxa7 bxc5 24. Qa8+ Kd7 25. Qd5+ Ke8 26. Qxc5 Nb3+ 0-1

[Event "Titled Tuesday intern op 11th Jun Late"]
[Site "Chess.com INT"]
[Date "2024.06.11"]
[Round "4"]
[White "Jagirapu, Harshin Reddy"]
[Black "Seletsky, Grigory"]
[Result "0-1"]
[WhiteElo "2029"]
[BlackElo "2214"]
[PlyCount "152"]
[EventDate "2024.06.11"]
[EventType "swiss (blitz)"]
[EventRounds "11"]
[EventCountry "USA"]
[SourceTitle "EXT 2025"]
[Source "ChessBase"]
[SourceDate "2024.10.14"]
[SourceVersion "1"]
[SourceVersionDate "2024.10.14"]
[SourceQuality "1"]

1. e4 e6 2. d4 d5 3. exd5 Qxd5 4. Nc3 Qd8 5. Nf3 Nf6 6. Bc4 Nbd7 7. 0-0 Be7 8. Re1 0-0 9. a4 Nb6 10. Bb3 Nbd5 11. Nxd5 Nxd5 12. c3 a5 13. Bc2 b6 14. Qd3 g6 15. Ne5 Bb7 16. Qh3 Bg5 17. Be4 Bxc1 18. Raxc1 Qg5 19. Rcd1 Nf4 20. Qg3 Qxg3 21. hxg3 Bxe4 22. Rxe4 Nd5 23. Rde1 Rfd8 24. Nc6 Rd6 25. Ne5 Kg7 26. Nc4 Rdd8 27. Ne5 h5 28. Kf1 Rac8 29. Nc6 Rd6 30. Na7 Ra8 31. Nb5 Rd7 32. Re5 Rb8 33. Na7 Rd6 34. Nb5 Rd7 35. f3 c6 36. Na3 b5 37. c4 bxc4 38. Nxc4 Rb4 39. Nxa5 Rxd4 40. b3 Rb4 41. R1e4 Rb6 42. Rc4 Ne7 43. Re1 Ra7 44. Rc5 Raa6 45. Rb1 Nf5 46. Kf2 Nd4 47. Ke3 Nc2+ 48. Rxc2 Rxa5 49. Rc3 Kf6 50. Rbc1 Ke7 51. Kd2 Kd7 52. Rd3+ Rd5 53. Rxd5+ exd5 54. Kc2 c5 55. Rb1 Kd6 56. Kc3 d4+ 57. Kd3 Rb4 58. Kc2 c4 59. bxc4 Rxc4+ 60. Kd3 Rxa4 61. Rb7 Ke6 62. Rb6+ Ke7 63. Rb7+ Kf6 64. Rb6+ Kg7 65. Rb7 Ra2 66. Kxd4 Rxg2 67. Ke4 Rxg3 68. Kf4 Rg1 69. Rb2 g5+ 70. Kf5 h4 71. Rh2 f6 72. Rb2 Rg3 73. Rf2 Kf7 74. f4 gxf4 75. Kxf4 Rg5 76. Rh2 Kg6 0-1

[Event "Titled Tuesday intern op 04th Jun Late"]
[Site "Chess.com INT"]
[Date "2024.06.04"]
[Round "4"]
[White "Lin, Bryan Enming"]
[Black "Seletsky, Grigory"]
[Result "1-0"]
[WhiteElo "2143"]
[BlackElo "2214"]
[PlyCount "67"]
[EventDate "2024.06.04"]
[EventType "swiss (blitz)"]
[EventRounds "11"]
[EventCountry "USA"]
[SourceTitle "EXT 2025"]
[Source "ChessBase"]
[SourceDate "2024.10.14"]
[SourceVersion "1"]
[SourceVersionDate "2024.10.14"]
[SourceQuality "1"]

1. e4 c6 2. Nf3 d5 3. Nc3 Bg4 4. h3 Bxf3 5. Qxf3 e6 6. g3 Nf6 7. Bg2 Be7 8. 0-0 0-0 9. d3 Nbd7 10. g4 b5 11. g5 Ne8 12. Qg3 b4 13. Ne2 Qc7 14. Bf4 Bd6 15. d4 a5 16. c3 Bxf4 17. Nxf4 bxc3 18. bxc3 Nd6 19. Nh5 Nb5 20. e5 Kh8 21. f4 g6 22. Nf6 Nxf6 23. exf6 Nd6 24. h4 Nf5 25. Qh3 c5 26. Rad1 cxd4 27. cxd4 Rfc8 28. h5 Kg8 29. hxg6 hxg6 30. Rd3 Qa7 31. Kh1 Ng7 32. fxg7 Kxg7 33. Qh6+ Kg8 34. Rh3 1-0

[Event "Titled Tuesday intern op 04th Jun Late"]
[Site "Chess.com INT"]
[Date "2024.06.04"]
[Round "1"]
[White "Reinecke, Katharina"]
[Black "Seletsky, Grigory"]
[Result "0-1"]
[WhiteElo "1949"]
[BlackElo "2214"]
[PlyCount "72"]
[EventDate "2024.06.04"]
[EventType "swiss (blitz)"]
[EventRounds "11"]
[EventCountry "USA"]
[SourceTitle "EXT 2025"]
[Source "ChessBase"]
[SourceDate "2024.10.14"]
[SourceVersion "1"]
[SourceVersionDate "2024.10.14"]
[SourceQuality "1"]

1. d4 Nf6 2. Nf3 c5 3. g3 cxd4 4. Nxd4 e5 5. Nf5 d5 6. e4 Nxe4 7. Ne3 d4 8. Nc4 Nc6 9. Bg2 Nd6 10. Nbd2 Nxc4 11. Nxc4 Bd6 12. 0-0 0-0 13. Re1 Be6 14. Nxd6 Qxd6 15. c3 Bd5 16. cxd4 Bxg2 17. Kxg2 Nxd4 18. Be3 Qc6+ 19. f3 Nc2 20. Rc1 Nxe1+ 21. Qxe1 Qd5 22. b3 Rfc8 23. Rd1 Rc2+ 24. Bf2 Qe6 25. Qe4 Rc6 26. Qd3 h6 27. Be3 a6 28. Qe4 f5 29. Qd3 Re8 30. Qd7 Qxd7 31. Rxd7 Rc2+ 32. Kh3 b5 33. a4 bxa4 34. bxa4 Ra2 35. Bc5 Rxa4 36. Bd6 Rd4 0-1

[Event "Titled Tuesday intern op 28th May Late"]
[Site "Chess.com INT"]
[Date "2024.05.28"]
[Round "6"]
[White "Kokoszczynski, Jan"]
[Black "Seletsky, Grigory"]
[Result "0-1"]
[WhiteElo "2314"]
[BlackElo "2214"]
[PlyCount "186"]
[EventDate "2024.05.28"]
[EventType "swiss (blitz)"]
[EventRounds "11"]
[EventCountry "USA"]
[SourceTitle "EXT 2025"]
[Source "ChessBase"]
[SourceDate "2024.10.14"]
[SourceVersion "1"]
[SourceVersionDate "2024.10.14"]
[SourceQuality "1"]

1. d4 b5 2. e4 Bb7 3. Bd3 e6 4. Nf3 a6 5. 0-0 Nf6 6. Re1 Be7 7. Nbd2 d5 8. e5 Nfd7 9. Nf1 c5 10. c3 Nc6 11. Ng3 g6 12. Be3 h5 13. h3 cxd4 14. cxd4 Nb6 15. Ne2 Nc4 16. Bc1 Qb6 17. a4 b4 18. b3 Na3 19. Be3 a5 20. Nf4 Ba6 21. Rc1 Kd7 22. Bxa6 Qxa6 23. Nd3 Rac8 24. Qd2 Na7 25. Bg5 Rxc1 26. Rxc1 Rc8 27. Bxe7 Kxe7 28. Nc5 Qc6 29. Qf4 Qe8 30. Qf6+ Kf8 31. Ng5 Kg8 32. Re1 Nc6 33. Rd1 Nc2 34. Nb7 Qe7 35. Nd6 Qxf6 36. exf6 Rd8 37. Nb5 Kf8 38. Nf3 Na3 39. Rc1 Nxb5 40. axb5 Nb8 41. Ra1 Nd7 42. Rxa5 Nxf6 43. Ne5 Nd7 44. Nc6 Rc8 45. Ra7 Ke8 46. Kf1 Nf6 47. f3 h4 48. Kf2 Nh5 49. b6 Rxc6 50. b7 Rb6 51. Ra8+ Kd7 52. b8Q Rxb8 53. Rxb8 Nf4 54. Rb7+ Ke8 55. Kf1 Nd3 56. Ke2 Nf4+ 57. Kf2 g5 58. g3 hxg3+ 59. Kxg3 Ne2+ 60. Kg4 Nxd4 61. Rxb4 e5 62. Rb7 Ne6 63. Kg3 d4 64. Kf2 Nf4 65. b4 Nxh3+ 66. Ke1 Ng1 67. Kf2 Nh3+ 68. Ke2 Nf4+ 69. Kd2 g4 70. fxg4 e4 71. b5 e3+ 72. Ke1 d3 73. Ra7 d2+ 74. Kd1 Nd3 75. Ra3 Nb2+ 76. Kc2 d1Q+ 77. Kxb2 e2 78. Re3+ Kf8 79. b6 e1Q 80. Rxe1 Qxe1 81. b7 Qb4+ 82. Kc2 Qxb7 83. Kd3 Qg2 84. g5 Qxg5 85. Ke4 Qg6+ 86. Kf3 Ke7 87. Kf4 Ke6 88. Kf3 Ke5 89. Ke3 Qg3+ 90. Ke2 Ke4 91. Kf1 Qh2 92. Ke1 Ke3 93. Kd1 Qd2# 0-1

[Event "Titled Tuesday intern op 28th May Late"]
[Site "Chess.com INT"]
[Date "2024.05.28"]
[Round "11"]
[White "Shamsi, Mohammadhossein"]
[Black "Seletsky, Grigory"]
[Result "0-1"]
[WhiteElo "2217"]
[BlackElo "2214"]
[PlyCount "70"]
[EventDate "2024.05.28"]
[EventType "swiss (blitz)"]
[EventRounds "11"]
[EventCountry "USA"]
[SourceTitle "EXT 2025"]
[Source "ChessBase"]
[SourceDate "2024.10.14"]
[SourceVersion "1"]
[SourceVersionDate "2024.10.14"]
[SourceQuality "1"]

1. Nf3 b5 2. g3 Bb7 3. Bg2 Nf6 4. Na3 a6 5. c4 b4 6. Nc2 c5 7. a3 a5 8. axb4 axb4 9. Rxa8 Bxa8 10. 0-0 e6 11. d4 Be7 12. e3 Qb6 13. b3 d6 14. Bb2 Nbd7 15. d5 exd5 16. Nh4 g6 17. cxd5 0-0 18. e4 Bb7 19. Re1 Ne5 20. f4 Neg4 21. h3 Nh6 22. e5 Nh5 23. Qd3 Bxh4 24. gxh4 Nxf4 25. Qe3 Nxg2 26. Qxh6 Nxe1 27. e6 c4+ 28. Kf1 fxe6+ 29. Kxe1 Qg1+ 30. Ke2 Rf2+ 31. Ke3 Rxc2+ 32. Kf4 Rf2+ 33. Ke4 Bxd5+ 34. Kd4 Qd1+ 35. Ke3 Qd2# 0-1

[Event "Titled Tuesday intern op 28th May Late"]
[Site "Chess.com INT"]
[Date "2024.05.28"]
[Round "3"]
[White "Shandrygin, Nikita"]
[Black "Seletsky, Grigory"]
[Result "0-1"]
[WhiteElo "2209"]
[BlackElo "2214"]
[PlyCount "82"]
[EventDate "2024.05.28"]
[EventType "swiss (blitz)"]
[EventRounds "11"]
[EventCountry "USA"]
[SourceTitle "EXT 2025"]
[Source "ChessBase"]
[SourceDate "2024.10.14"]
[SourceVersion "1"]
[SourceVersionDate "2024.10.14"]
[SourceQuality "1"]

1. Nf3 b5 2. g3 Bb7 3. Bg2 Nf6 4. 0-0 e6 5. b3 c5 6. Bb2 Be7 7. e3 0-0 8. d4 cxd4 9. exd4 d6 10. Nbd2 Nbd7 11. c4 bxc4 12. bxc4 Qc7 13. Qe2 Rfe8 14. Rac1 Rab8 15. Bc3 h6 16. Nb3 Bf8 17. Rfd1 Ne4 18. Be1 Ndf6 19. Ba5 Qd7 20. c5 Qa4 21. Bc7 Rbc8 22. cxd6 Bxd6 23. Bxd6 Nxd6 24. Nc5 Bxf3 25. Bxf3 Qa5 26. Rc2 Nb5 27. Qe5 Qc7 28. Qe2 Qa5 29. Qe5 Qc7 30. Be2 Nd6 31. Rdc1 Qe7 32. Bf3 Red8 33. Na6 Rxc2 34. Rxc2 Nf5 35. Rd2 Qd6 36. Qa5 Nxd4 37. Kg2 e5 38. Nb4 Qe7 39. Bd1 Qd6 40. Nd3 Qd5+ 41. Kg1 Qxa5 0-1

[Event "Titled Tuesday intern op 21st May Late"]
[Site "Chess.com INT"]
[Date "2024.05.21"]
[Round "11"]
[White "Liu, Kelsey"]
[Black "Seletsky, Grigory"]
[Result "0-1"]
[WhiteElo "1946"]
[BlackElo "2214"]
[PlyCount "74"]
[EventDate "2024.05.21"]
[EventType "swiss (blitz)"]
[EventRounds "11"]
[EventCountry "USA"]
[SourceTitle "CBM 220 Extra"]
[Source "ChessBase"]
[SourceDate "2024.07.31"]
[SourceVersion "1"]
[SourceVersionDate "2024.07.31"]
[SourceQuality "1"]

1. e4 c6 2. d4 d5 3. e5 Bf5 4. Nc3 e6 5. g4 Bg6 6. Nge2 h6 7. h4 c5 8. h5 Bh7 9. f4 Nc6 10. Be3 cxd4 11. Nxd4 Nge7 12. Nb3 Nc8 13. Qd2 Be7 14. 0-0-0 0-0 15. Bd3 Bxd3 16. Qxd3 Nb6 17. Rdg1 Nc4 18. Bd4 a6 19. Nc5 b6 20. N5a4 b5 21. Nc5 b4 22. N3a4 a5 23. Kb1 Rc8 24. Qg3 Nxd4 25. g5 Nf5 26. Qg4 hxg5 27. fxg5 Bxc5 28. Nxc5 Rxc5 29. g6 Nce3 30. Qg5 Qxg5 31. Rxg5 Nh6 32. gxf7+ Rxf7 33. Rhg1 Nef5 34. b3 Rfc7 35. R1g2 Rc3 36. Rg6 Kf7 37. Rf2 Re3 0-1

[Event "Titled Tuesday intern op 21st May Late"]
[Site "Chess.com INT"]
[Date "2024.05.21"]
[Round "9"]
[White "Nicula, Marius"]
[Black "Seletsky, Grigory"]
[Result "0-1"]
[WhiteElo "2155"]
[BlackElo "2214"]
[PlyCount "82"]
[EventDate "2024.05.21"]
[EventType "swiss (blitz)"]
[EventRounds "11"]
[EventCountry "USA"]
[SourceTitle "CBM 220 Extra"]
[Source "ChessBase"]
[SourceDate "2024.07.31"]
[SourceVersion "1"]
[SourceVersionDate "2024.07.31"]
[SourceQuality "1"]

1. g3 d5 2. Nf3 c6 3. Bg2 Bf5 4. d3 e6 5. Nbd2 h6 6. b3 Nf6 7. Bb2 Be7 8. 0-0 0-0 9. a3 Bh7 10. b4 Nbd7 11. c4 a5 12. Bc3 b5 13. Nd4 Qb6 14. bxa5 Qa6 15. Rb1 Rfb8 16. cxb5 cxb5 17. Bb4 Bd8 18. N2b3 e5 19. Nc2 Bf5 20. Ne3 Be6 21. d4 e4 22. Rc1 Ne8 23. Nc5 Nxc5 24. Rxc5 Nf6 25. Qd2 Bxa5 26. Rfc1 Bxb4 27. axb4 Qa2 28. R5c2 Qa3 29. Rc3 Qa4 30. Rc7 Ra7 31. Qb2 Rba8 32. h3 Rxc7 33. Rxc7 Qa1+ 34. Qxa1 Rxa1+ 35. Kh2 Rb1 36. Nc2 Rd1 37. Rc5 Rd2 38. e3 Rxf2 39. Na3 Re2 40. Nxb5 Rxe3 41. Nc3 Rd3 0-1

[Event "Titled Tuesday intern op 14th May Late"]
[Site "Chess.com INT"]
[Date "2024.05.14"]
[Round "6"]
[White "Seletsky, Grigory"]
[Black "Ferrufino, Boris"]
[Result "0-1"]
[WhiteElo "2220"]
[BlackElo "1905"]
[PlyCount "178"]
[EventDate "2024.05.14"]
[EventType "swiss (blitz)"]
[EventRounds "11"]
[EventCountry "USA"]
[SourceTitle "CBM 220 Extra"]
[Source "ChessBase"]
[SourceDate "2024.07.31"]
[SourceVersion "1"]
[SourceVersionDate "2024.07.31"]
[SourceQuality "1"]

1. e4 c5 2. Nc3 Nc6 3. d3 d6 4. Be3 Nf6 5. h3 g6 6. f4 Bg7 7. g4 h5 8. g5 Nd7 9. Bg2 Nd4 10. Nf3 0-0 11. 0-0 Rb8 12. a4 b6 13. Rb1 a6 14. Ne2 Nxf3+ 15. Rxf3 b5 16. axb5 axb5 17. f5 Ne5 18. Rf2 b4 19. b3 Re8 20. Qf1 Ra8 21. f6 exf6 22. gxf6 Bf8 23. Bg5 Ra2 24. Nf4 Be6 25. Kh1 Kh7 26. Qd1 Bh6 27. Bxh6 Kxh6 28. Qd2 Kh7 29. Nxh5 Rh8 30. Ng7 Qd7 31. Nxe6 Qxe6 32. Qg5 Kg8 33. Kg1 Rh5 34. Qg3 Kh7 35. Rbf1 Kh6 36. Qe3+ Kh7 37. Re2 Nc6 38. Rf4 Nd4 39. Ref2 Ra1+ 40. Kh2 Qe5 41. Qg3 Rc1 42. Bf3 Rg5 43. Qh4+ Kg8 44. Bg2 Rxc2 45. Qh6 Rxg2+ 46. Kxg2 Rxf2+ 47. Rxf2 Ne6 48. h4 d5 49. h5 gxh5 50. Rf5 Qb2+ 51. Kh3 Qe2 52. Rg5+ Nxg5+ 53. Qxg5+ Kf8 54. Qg7+ Ke8 55. Qg8+ Kd7 56. Qxf7+ Kc8 57. Qe6+ Kc7 58. f7 Qf3+ 59. Kh4 Qf2+ 60. Kxh5 Qf3+ 61. Kg6 Qg3+ 62. Kh7 Qh4+ 63. Kg8 Qg5+ 64. Kf8 Qd8+ 65. Kg7 Qg5+ 66. Qg6 Qe5+ 67. Qf6 Qg3+ 68. Kh7 Qh3+ 69. Kg6 Qg4+ 70. Qg5 Qe6+ 71. Kg7 Qe5+ 72. Qf6 Qg5+ 73. Kh7 Qxf6 74. Kg8 Qxf7+ 75. Kxf7 dxe4 76. dxe4 c4 77. bxc4 b3 78. e5 b2 79. e6 b1Q 80. e7 Qf5+ 81. Kg7 Kd7 82. c5 Kxe7 83. c6 Qc8 84. c7 Qxc7 85. Kg6 Qd7 86. Kg5 Qe8 87. Kf4 Qf8+ 88. Ke5 Qf6+ 89. Kd5 Qe6+ 0-1

[Event "Titled Tuesday intern op 07th May Late"]
[Site "Chess.com INT"]
[Date "2024.05.07"]
[Round "4"]
[White "Marcziter, Dmitrii"]
[Black "Seletsky, Grigory"]
[Result "0-1"]
[WhiteElo "2205"]
[BlackElo "2220"]
[PlyCount "104"]
[EventDate "2024.05.07"]
[EventType "swiss (blitz)"]
[EventRounds "11"]
[EventCountry "USA"]
[SourceTitle "EXT 2025"]
[Source "ChessBase"]
[SourceDate "2024.10.14"]
[SourceVersion "1"]
[SourceVersionDate "2024.10.14"]
[SourceQuality "1"]

1. e4 e6 2. d4 d5 3. e5 c5 4. dxc5 Nc6 5. Nf3 Bxc5 6. Bd3 Nge7 7. Bf4 Ng6 8. Bg3 Nb4 9. Be2 0-0 10. c3 Nc6 11. Bd3 f6 12. Bxg6 hxg6 13. exf6 gxf6 14. Qd3 Kg7 15. 0-0 e5 16. Qb5 Qb6 17. a4 Be6 18. Nbd2 a6 19. Qxb6 Bxb6 20. b4 Rfc8 21. a5 Ba7 22. Rac1 Ne7 23. Rfe1 Kf7 24. Nf1 Rc6 25. Bxe5 fxe5 26. Nxe5+ Kf6 27. Nxc6 Nxc6 28. Ne3 d4 29. cxd4 Bxd4 30. Red1 Rd8 31. Nc2 Bc3 32. Rxd8 Nxd8 33. Rd1 Nc6 34. Rd3 Bxb4 35. Nxb4 Nxb4 36. Rf3+ Ke7 37. Rg3 Bf7 38. Re3+ Kd6 39. Rf3 Be6 40. Rf6 Nc6 41. Rxg6 Nxa5 42. h4 Nc6 43. h5 Ne5 44. Rg7 b6 45. h6 Bf5 46. h7 Bxh7 47. Rxh7 a5 48. f4 Ng4 49. Rg7 Ne3 50. g4 a4 51. g5 Nc4 52. Ra7 Na5 0-1

[Event "Titled Tuesday intern op 07th May Late"]
[Site "Chess.com INT"]
[Date "2024.05.07"]
[Round "3"]
[White "Seletsky, Grigory"]
[Black "Harsha, Bharathakoti"]
[Result "0-1"]
[WhiteElo "2220"]
[BlackElo "2571"]
[PlyCount "80"]
[EventDate "2024.05.07"]
[EventType "swiss (blitz)"]
[EventRounds "11"]
[EventCountry "USA"]
[SourceTitle "EXT 2025"]
[Source "ChessBase"]
[SourceDate "2024.10.14"]
[SourceVersion "1"]
[SourceVersionDate "2024.10.14"]
[SourceQuality "1"]

1. e3 d5 2. d4 Nf6 3. c4 e6 4. Nc3 c6 5. Nf3 a6 6. Qc2 Nbd7 7. b3 Bd6 8. Bb2 0-0 9. Be2 b6 10. 0-0 Bb7 11. e4 dxe4 12. Nxe4 Nxe4 13. Qxe4 Nf6 14. Qc2 c5 15. dxc5 Bxc5 16. Rad1 Qe7 17. Ne5 Rfd8 18. Rxd8+ Rxd8 19. Rd1 Ne4 20. Nd3 Bd6 21. Bf3 Qc7 22. g3 Ng5 23. Bxb7 Qxb7 24. Ne1 Nh3+ 25. Kf1 Qh1+ 26. Ke2 Ng1+ 27. Kf1 Nh3+ 28. Ke2 Qxh2 29. Bd4 Bxg3 30. Bxb6 Nf4+ 31. Kf3 Rxd1 32. Qxd1 Qh5+ 33. Kxg3 Qxd1 34. Kxf4 Qxe1 35. Be3 f6 36. Ke4 Qe2 37. Kd4 Qxa2 38. b4 e5+ 39. Kc5 h5 40. Kb6 Qxc4 0-1

[Event "Titled Tuesday intern op 07th May Late"]
[Site "Chess.com INT"]
[Date "2024.05.07"]
[Round "1"]
[White "Vakhlamov, Igor L"]
[Black "Seletsky, Grigory"]
[Result "1-0"]
[WhiteElo "2413"]
[BlackElo "2220"]
[PlyCount "83"]
[EventDate "2024.05.07"]
[EventType "swiss (blitz)"]
[EventRounds "11"]
[EventCountry "USA"]
[SourceTitle "EXT 2025"]
[Source "ChessBase"]
[SourceDate "2024.10.14"]
[SourceVersion "1"]
[SourceVersionDate "2024.10.14"]
[SourceQuality "1"]

1. e4 e6 2. d4 d5 3. Nc3 Nc6 4. Nf3 Nf6 5. Bd3 Nb4 6. e5 Nd7 7. Bg5 Be7 8. Bxe7 Qxe7 9. 0-0 0-0 10. a3 Nxd3 11. cxd3 a6 12. Rc1 b6 13. b4 Bb7 14. Ne2 Rfc8 15. Qb3 Rab8 16. Qa4 c5 17. dxc5 bxc5 18. bxc5 Nxc5 19. Qd4 Nb3 20. Rxc8+ Bxc8 21. Qc3 a5 22. a4 Bd7 23. Rb1 Bxa4 24. Ned4 Qb4 25. Qc7 h6 26. h4 Rb7 27. Qc8+ Kh7 28. h5 Qc5 29. Qxb7 Nxd4 30. Qxf7 Ne2+ 31. Kf1 Bb5 32. Rxb5 Ng3+ 33. fxg3 Qxb5 34. Qg6+ Kh8 35. Qxe6 Qxd3+ 36. Kf2 Qc2+ 37. Kg1 Qc5+ 38. Kh2 Qa7 39. Qe8+ Kh7 40. e6 a4 41. e7 a3 42. Qg6+ 1-0